<?xml version="1.0" encoding="UTF-8"?>
<marc:record xmlns:marc="http://www.loc.gov/MARC21/slim">
   <marc:leader>00000nam a2200000 a 4500</marc:leader>
   <marc:datafield ind1="1" ind2=" " tag="100">
      <marc:subfield code="a">Hunter, Erin</marc:subfield>
      <marc:subfield code="4">aut</marc:subfield>
      <marc:subfield code="e">Verfasser/-in</marc:subfield>
   </marc:datafield>
   <marc:datafield ind1=" " ind2=" " tag="653">
      <marc:subfield code="a">Katzen</marc:subfield>
   </marc:datafield>
   <marc:datafield ind1=" " ind2=" " tag="653">
      <marc:subfield code="a">Fantasy</marc:subfield>
   </marc:datafield>
   <marc:datafield ind1="0" ind2="0" tag="245">
      <marc:subfield code="a">Ort ohne Sterne</marc:subfield>
   </marc:datafield>
   <marc:datafield ind1="0" ind2="0" tag="245">
      <marc:subfield code="b">Warrior Cats 7/5</marc:subfield>
   </marc:datafield>
   <marc:datafield ind1=" " ind2="1" tag="264">
      <marc:subfield code="b">Beltz</marc:subfield>
      <marc:subfield code="c">2022</marc:subfield>
   </marc:datafield>
   <marc:datafield ind1="1" ind2=" " tag="490">
      <marc:subfield code="a">Warrior Cats</marc:subfield>
   </marc:datafield>
   <marc:datafield ind1="1" ind2=" " tag="520">
      <marc:subfield code="a">Die Zweite Anführerin des DonnerClans, Eichhornschweif, ist zusammen mit Aschenpelz verschwunden. Ausgerechnet mit dem Kater, der als Schwindler enttarnt wurde. Zwischen den Katzen herrscht tiefes Misstrauen. Damit nicht genug: Sie kennen nun den Grund für das mysteriöse Schweigen des SternenClans - genau wie die schreckliche Wahrheit über die Gefahr, der sie sich stellen müssen, wenn sie Licht zurück in die Dunkelheit bringen wollen: Es wird Zeit, an den Ort ohne Sterne zu gehen, dem Wald der Finsternis ... (Verlagstext)</marc:subfield>
   </marc:datafield>
   <marc:datafield ind1=" " ind2=" " tag="020">
      <marc:subfield code="a">9783407756466</marc:subfield>
      <marc:subfield code="9">9783407756466</marc:subfield>
   </marc:datafield>
</marc:record>
